000
00325nam a2200109Ia 4500
008
171211s9999 xx 000 0 und d
245
_a
Natürliche Penisvergrösserung - 5 Zentimeter in 5 Wochen
245
_c
Manuel Fargas
260
_c
2003
650
_x
Sexuality
856
_u
http://down.ebook777.com/065/9783831137367.pdf
999
_c
350625
_d
350625